[Event "Eger Osz op"]
[Site "Eger"]
[Date "2008.10.25"]
[Round "7"]
[White "Simko, Lorant"]
[Black "Nyamadi, Attila"]
[Result "0-1"]
[WhiteElo "1718"]
[BlackElo "1855"]
[PlyCount "72"]
[EventDate "2008.10.22"]
[EventType "swiss"]
[EventRounds "7"]
[EventCountry "HUN"]
[SourceTitle "EXT 2011"]
[Source "ChessBase"]
[SourceDate "2010.11.26"]
[SourceVersion "1"]
[SourceVersionDate "2010.11.26"]
[SourceQuality "1"]

1. d4 d5 2. Nf3 Nf6 3. b3 c6 4. Bb2 Bf5 5. e3 e6 6. a3 Nbd7 7. Nbd2 Bd6 8. c4 0-0 9. Be2 Re8 10. 0-0 Be4 11. Ng5 h6 12. Ngxe4 Nxe4 13. Nxe4 dxe4 14. f4 f5 15. Kh1 Nf6 16. Rg1 Kf7 17. Rb1 Rg8 18. h3 g5 19. Rf1 gxf4 20. exf4 Qc7 21. d5 Bxf4 22. Bxf6 Kxf6 23. dxe6 Kxe6 24. c5 Rg3 25. Bc4+ Ke7 26. Qh5 Rf8 27. Rbd1 Rf6 28. Rd4 Be5 29. Rd2 Bc3 30. Rdf2 Rg5 31. Qd1 Qe5 32. Qc2 f4 33. b4 Rgf5 34. Re2 e3 35. Bd3 Rg5 36. Qa4 f3 0-1